Social movements and network analysis: a case study of nineteenth-century women's reform in New York State /

Bewaard in:
Bibliografische gegevens
Hoofdauteur: Rosenthal, Naomi
Andere auteurs: Fingrutd, Meryl, Ethier, Michele, Karant, Roberta, McDonald, David
Formaat: Texto
Tags: Voeg label toe
Geen labels, Wees de eerste die dit record labelt!

MARC

LEADER 00000 a a2200000 04500
001 43766
003
040
100 |a Rosenthal, Naomi  
245 |a Social movements and network analysis:   |b a case study of nineteenth-century women's reform in New York State /  |c Naomi Rosenthal, Meryl Fingrutd, Michele Ethier, Roberta Karant, David McDonald 
700 |a Fingrutd, Meryl  
700 |a Ethier, Michele  
700 |a Karant, Roberta  
700 |a McDonald, David  
773 |g páginas 157-167  
999 |c 34623  |d 34623